01668nam a2200457 i 450000100060000000300080000600500170001400600190003100700150005000800410006502000180010602000270012403500230015103500240017403500250019803500220022304000310024505000210027608000120029708200120030910000200032124500780034125000180041926400430043730000410048033600310052133700330055233800430058549000280062850400420065658801250069859001640082365000320098765000200101965000170103965500270105679700190108383000290110285600620113199900170119363323FlNmELB20241217142329.0m o d | cr cnu||||||||180803s2015 mx ob 000 0 spa d z9788494345418 a9781512949063 (e-book) a(MiAaPQ)EBC5308169 a(Au-PeEL)EBL5308169 a(CaPaEBR)ebr11516984 a(OCoLC)1149116659 aFINmELBbspaerdacFINmELB 4aBD450bC552 2015 a113/1190 a1282231 aChoza, Jacinto.10aAntropologías positivas y antropología filosófica /cJacinto Choza. a2a. edicin̥. 1aSevilla :bEditorial Thémata,c2015. a1 recurso en línea (227 páginas) atextobtxt2rdacontent/spa acomputadorabc2rdamedia/spa arecurso en líneabcr2rdacarrier/spa1 aSerie Pensamiento ;v24 aContiene selección bibliográfica. aDescripción basada en recurso en línea; Título de la página del título en PDF (e-libro, visto August 3, 2018). aRecurso electrónico. Santa Fe, Arg.: e-libro, 2018. Disponible vía World Wide Web. El acceso puede estar limitado para las bibliotecas afiliadas a e-libro. 0aPhilosophical anthropology. 4aAntropología. 4aFilosofía. 4aLibros electrónicos.2 ae-libro, Corp. 0aSerie Pensamiento ;v24.40uhttps://elibro.net/ereader/politecnicointernacional/59906 c63323d63323